1988 Olympic 100 metres final result - Statistics

General Stats
  • This quiz has been taken 15 times
  • The average score is 3 of 8
Answer Stats
Pos Athlete Nation Recorded Time % Correct
DSQ Ben Johnson Canada 9.79
100%
1. Carl Lewis USA 9.92
100%
2. Linford Christie Great Britain 9.97
86%
3. Calvin Smith USA 9.99
14%
4. Dennis Mitchell USA 10.04
14%
6. Desai Williams Canada 10.11
0%
7. Ray Stewart Jamaica 12.26
0%
5. Robson Da Silva Brazil 10.11
0%
No matching quizzes found
Score Distribution
Percent of People with Each Score
Percentile by Number Answered
Your Score History
You have not taken this quiz